000 00539nam a2200169 4500
001 127241
003 ES-MaACL
005 20230906192955.0
007 t|
008 070214s1958 sp r ||||1| spa d
100 1 _aRico de Estasen, José.
_997022
245 1 4 _aLos restos del obispo Gómez de Terán /
_cJosé Rico de Estasen.
260 _aAlicante :
_bInstituto de Estudios Alicantinos,
_c1958.
300 _a115 p., 8 lám. ;
_c21 cm.
710 2 _aInstituto de Estudios Alicantinos.
_94886
852 _aES-MaACL
_jC-16105
_bR.44163
999 _c127241
_d127241